[Event "AUT-chT"]
[Site "Austria"]
[Date "1991.??.??"]
[Round "?"]
[White "Duer, Arne"]
[Black "Topakian, Raffi"]
[Result "1/2-1/2"]
[WhiteElo "2390"]
[BlackElo "2255"]
[PlyCount "80"]
[EventDate "1991.??.??"]
[EventType "team"]
[EventRounds "13"]
[EventCountry "AUT"]
[SourceTitle "EXT 1997"]
[Source "ChessBase"]
[SourceDate "1996.11.15"]
[SourceVersion "1"]
[SourceVersionDate "1996.11.15"]
[SourceQuality "1"]

1. c4 Nf6 2. g3 g6 3. Bg2 Bg7 4. Nc3 c5 5. e4 Nc6 6. Nge2 0-0 7. 0-0 d6 8. d3 a6 9. h3 Bd7 10. Be3 Rb8 11. Rc1 b5 12. b3 Ne8 13. Qd2 Nc7 14. Bh6 e5 15. Bxg7 Kxg7 16. f4 Nd4 17. Rf2 b4 18. Nd5 Nxe2+ 19. Qxe2 Nxd5 20. cxd5 f6 21. Rcf1 Qe7 22. f5 g5 23. h4 gxh4 24. Qg4+ Kh8 25. Qxh4 Rg8 26. Bf3 Qg7 27. Kg2 Qg5 28. Rh1 Qxh4 29. Rxh4 Bb5 30. Be2 Rg5 31. Kf3 Rbg8 32. g4 Rf8 33. Rfh2 Rf7 34. Rh6 Kg8 35. R2h5 Rxh5 36. Rxh5 Rg7 37. Rh6 Kf7 38. Ke3 a5 39. Bd1 Ba6 40. Be2 Bb5 1/2-1/2